| 000 | 00628nam a2200157Ia 4500 | ||
|---|---|---|---|
| 008 | 231221s9999 xx 000 0 und d | ||
| 020 | _a978-3-540-31836-1 | ||
| 041 | _aEnglish | ||
| 100 | _aBruce Christianson, Bruno Crispo, James A. Malcolm, Michael Roe | ||
| 245 | 0 | _aSecurity Protocols | |
| 260 |
_c2005 _bSpringer US _aNew York |
||
| 440 | _aLecture Notes in Computer Science | ||
| 650 | _aComputer Science | ||
| 650 | _aData Encryption; Algorithm Analysis and Problem Complexity; Computer Communication Networks; Management of Computing and Information Systems; Computers and Society; Operating Systems | ||
| 942 | _cEB | ||
| 999 |
_c220985 _d220985 |
||